Pakistan economic survey 1966-67 (Record no. 542628)

000 -LEADER
fixed length control field 00397nam a22001337a 4500
082 ## - DEWEY DECIMAL CLASSIFICATION NUMBER
Classification number 330.5491
Author Mark PAK
110 ## - MAIN ENTRY--CORPORATE NAME
Corporate name or jurisdiction name as entry element Ministry of Finance
9 (RLIN) 37879
245 ## - TITLE STATEMENT
Title Pakistan economic survey 1966-67
Statement of responsibility, etc. Pakistan economic survey 1966-67
260 ## - PUBLICATION, DISTRIBUTION, ETC.
Place of publication, distribution, etc. Karachi
Date of publication, distribution, etc. Manager of Publication Karachi
300 ## - PHYSICAL DESCRIPTION
Extent xxix, 120 p.:
526 ## - STUDY PROGRAM INFORMATION NOTE
Program name 0
Interest level 0
Reading level 0
Title point value 330_549100000000000_PAK
650 ## - SUBJECT ADDED ENTRY--TOPICAL TERM
Topical term or geographic name entry element MCE
9 (RLIN) 379
942 ## - ADDED ENTRY ELEMENTS (KOHA)
Source of classification or shelving scheme
Koha item type Book
Holdings
Withdrawn status Lost status Source of classification or shelving scheme Damaged status Not for loan Permanent Location Current Location Date acquired Total Checkouts Full call number Barcode Date last seen Price effective from Koha item type
          Military College of Engineering (MCE) Military College of Engineering (MCE) 02/06/2014   330.5491 PAK MCE-L-28, P-78 02/06/2014 02/06/2014 Book
© 2023 Central Library, National University of Sciences and Technology. All Rights Reserved.